000 00524nam a2200181 i 4500
001 bg
100 1 _aKELLER, Robert
_d(1939- )
245 0 _aExpert system technology :
_bdevelopment and application /
_cRobert Keller.
260 _aEnglewood Cliffs :
_bYourdon Press,
_c1987.
490 1 _aYourdon Press Computing Series
650 9 _aSystemy ekspertowe
830 _aYourdon Press Computing Series
040 _cBPK
041 _apol
080 _a004.891
942 _cKS
008 s pl f |000 0 pol
999 _c23799
_d23799
856 _uhttp://koha.tu.koszalin.pl/cgi-bin/koha/opac-detail.pl?biblionumber=23799
_yKatalog online BPK